000 00561nam a2200241 a 4500
001 nice12345678
003 IN_TiNIC
005 20260116011307.0
008 050524s1958 boma grp 000 0 eng
020 _a
_c0
082 0 0 _a297.1227
_bHUS
100 _aHusain, Ashfaque
245 _aSpirit of Islam
260 _aBombay
_bAsia Pub. House
_c1958
300 _a76p
500 _aincludes index and biblioraphy
505 2 _aIndex
650 _aQuran-Hermeneutics
700 1 _aHusain, Ashfaque
902 _bSRS
942 _cBK
999 _c248
_d248